000 00565nam a22001817a 4500
005 20251108175724.0
008 250721s2019 xx 000 0 ara d
082 1 4 _a658.3/نصر
100 1 _aالنصر، مدحت
_eمؤلف
245 1 0 _aالكوتشنج التدريب بالمعايشة /
264 1 _aالقاهرة :
_bالمجموعة العربية للتدريب والنشر،
_c2019.
300 _a212 ص
650 1 7 _aادارة الافراد
650 1 7 _aالمدربون
650 1 7 _aالتدريب
942 _2ddc
_cBK
999 _c140831
_d140831